Oracle database 12c : (Record no. 83025)
[ view plain ]
| 000 -LEADER | |
|---|---|
| fixed length control field | 01278nam a22002297a 4500 |
| 010 ## - LCCN (DPL NO) | |
| LC control number | ENG-109558 |
| 020 ## - INTERNATIONAL STANDARD BOOK NUMBER | |
| Terms of availability | 995.00 |
| International Standard Book Number | 9789351343707 |
| 035 ## - SYSTEM CONTROL NUMBER | |
| System control number | EN-93091 |
| 037 ## - SOURCE OF ACQUISITION | |
| Source of stock number/acquisition | DBAD/PUB |
| 082 ## - DEWEY DECIMAL CLASSIFICATION NUMBER | |
| Classification number | 005.7565 |
| 100 ## - MAIN ENTRY--PERSONAL NAME | |
| Personal name | Bryla, Bob |
| 245 00 - TITLE STATEMENT | |
| Title | Oracle database 12c : |
| Statement of responsibility, etc | by Bob Bryla [and] Kevin Loney |
| Remainder of title | the complete reference / |
| 260 ## - PUBLICATION, DISTRIBUTION, ETC. (IMPRINT) | |
| Place of publication, distribution, etc | New Delhi |
| Name of publisher, distributor, etc | McGraw Hill Education |
| Date of publication, distribution, etc | 2014 |
| 270 ## - ADDRESS | |
| Address | P-24, Green Park Extn. |
| City | New Delhi |
| Postal code | 110016 |
| 300 ## - PHYSICAL DESCRIPTION | |
| Extent | xxix,1435p. : |
| Dimensions | 24cm(pbk) |
| Other physical details | ill. |
| 500 ## - GENERAL NOTE | |
| General note | Includes index |
| 520 ## - SUMMARY, ETC. | |
| Summary, etc | "Maintain a scalable, highly available enterprise platform and reduce complexity by leveraging the powerful new tools and cloud enhancements of Oracle Database 12c. This authoritative Oracle Press guide offers complete coverage of installation, configuration, tuning, and administration. Find out how to build and populate Oracle databases, perform effective queries, design applications, and secure your enterprise data. Oracle Database 12c: The Complete Reference also contains a comprehensive appendix covering commands, keywords, features, and functions"-- |c Provided by publisher. |
| 650 ## - SUBJECT ADDED ENTRY--TOPICAL TERM | |
| Topical term or geographic name as entry element | Database management. |
| 650 ## - SUBJECT ADDED ENTRY--TOPICAL TERM | |
| Topical term or geographic name as entry element | Relational databases. |
| 700 ## - ADDED ENTRY--PERSONAL NAME | |
| Personal name | Loney, Kevin |
| 942 ## - ADDED ENTRY ELEMENTS (KOHA) | |
| Source of classification or shelving scheme | Dewey Decimal Classification |
| Item type | English Books |
| Call number suffix | BRY |
| Classification part | 005.7565 |
| Withdrawn status | Lost status | Not for loan | Collection code | Home library | Current library | Date acquired | Source of acquisition | Cost, normal purchase price | Full call number | Barcode | Copy number | Cost, replacement price | Koha item type |
|---|---|---|---|---|---|---|---|---|---|---|---|---|---|
| Not For Loan | Non-fiction | D.B.Act.Division | D.B.Act.Division | 14/03/2014 | DBAD/PUB | 995.00 | 005.7565 BRY | EN-93091 | 1 | 995.00 | English Books |
